• 首页
  • 本馆介绍
  • 公告通知
  • 最新文献
  • 馆藏检索
  • 电子资源
  • 读者导购
  • 参考咨询
  • 我的图书馆
  • 登录
  • 详细信息显示
  • 放入我的书架
  • 预约/预借图书
  • 作者相关作品
  • 分类相关作品
  • 丛书相关作品
  • 出版社相关作品

书目信息

  • 表格格式
  • 工作单格式
  • 卡片格式
题名:
语言学趣谈
    
 
作者: 计永估 著
分册:  
出版信息: 北京   书目文献出版社  1983
页数: 273页
开本: 19cm
丛书名: 阅读辅导丛书
单 册:
中图分类: H0-49 , H0
科图分类:
主题词: 语言学--通俗读物
电子资源:
ISBN:
000 00637nam2 2200253 45
001 1541138546
005 20150127222050.35
010    @dCNY1.15
091    @aCN@b9201.7
100    @a19950512d1983 m y0chiy0121 ea
101 0  @achi
102    @aCN@b110000
105    @ay z 000yy
200 10 @a语言学趣谈@Ayu yan xue qu tan@f计永估著
210    @a北京@c书目文献出版社@d1983
215    @a273页@d19cm
225 2  @a阅读辅导丛书
410  0 @120010@a阅读辅导丛书
606    @a语言学@x通俗读物
690    @aH0-49@v3
690    @aH0@v4
701  0 @a计永估@Aji yong gu@4著
801  0 @aCN@bTSSF@c20150127
905    @aZUCC@dH0@eJY44
    
    语言学趣谈/计永估著.-北京:书目文献出版社,1983
    273页;19cm.-(阅读辅导丛书)
    
    
    ISBN :CNY1.15
    
●
相关链接 在E读中查询图书 在五车中查询图书 在当当中查询图书 在豆瓣中查询图书


正题名:语言学趣谈     索取号:H0/JY44         预约/预借

序号 登录号 条形码 馆藏地/架位号 状态 备注
1 7836464   278364645   学院路分馆/ [索取号:H0/JY44] 在馆    
2 7836465   278364654   学院路分馆/ [索取号:H0/JY44] 在馆    
唐山师范学院图书馆 欢迎您!
大连网信软件有限公司© 版权所有